000
00229 a2200109 4500
001
64471
082
_a
891.4393HAM
090
_c
38094
_d
38094
100
_a
Hameed A
245
_a
Bahar Ka Akhri Phool
260
_b
Sang-e-Meel
942
_a
NUST-CAE
_k
891.4393HAM
999
_c
299544
_d
299544